Paroles - Inoxtag, Quoicoubebou des Montagnes - Statistiques

Statistiques générales
  • Ce quiz a été pris 488 fois
  • Le résultat moyen est 24 sur 90
Statistiques - réponses
Paroles % Correct
à
96%
à
96%
t'
96%
t'
96%
t'
96%
Inox
94%
Inox
94%
Inox
94%
Inox
94%
l'
86%
Tu
84%
tu
84%
tu
84%
tu
84%
te
80%
mon
75%
Mon
75%
manques
74%
Inoxtag
72%
Inoxtag
72%
quoicoubebou
68%
de
58%
de
58%
des
47%
ta
32%
ne
30%
je
25%
Je
25%
Je
25%
Je
25%
Je
25%
nous
22%
aime
16%
aime
16%
aime
16%
le
15%
arrêté
14%
que
14%
que
14%
que
14%
que
14%
Il
12%
il
12%
J'espère
10%
pleure
9%
les
5%
toi
5%
bébou
4%
froid
4%
J'ai
4%
J'ai
4%
J'ai
4%
oxygène
4%
pour
4%
pour
4%
reviens
4%
Reviens
4%
tous
4%
Tous
4%
allumé
3%
chauffage
3%
moins
3%
plaît
3%
respirer
3%
s'il
3%
fort
2%
pense
2%
quoicoumontagne
2%
quoicoumontagne
2%
t'ai
2%
aies
1%
aies
1%
arrivé
1%
cette
1%
cette
1%
communauté
1%
faut
1%
faut
1%
même
1%
monter
1%
rien
1%
Toute
1%
vite
1%
crises
0%
d'angoisse
0%
qu'il
0%
réussisses
0%
soirs
0%
tremble
0%
tu gravisses
0%
Aucun quiz correspondant
Distribution des résultats
% des personnes avec chaque résultat
Percentile par nombre de réponses
Votre historique - résultats
Vous n’avez pas pris ce quiz